Text book ofSocial Pharmacy (Record no. 11585)
[ view plain ]
| 000 -LEADER | |
|---|---|
| fixed length control field | 00481nam a22002057a 4500 |
| 003 - CONTROL NUMBER IDENTIFIER | |
| control field | OSt |
| 008 - FIXED-LENGTH DATA ELEMENTS--GENERAL INFORMATION | |
| fixed length control field | 221115b ||||| |||| 00| 0 eng d |
| 020 ## - INTERNATIONAL STANDARD BOOK NUMBER | |
| International Standard Book Number | 9781543345346 |
| 082 ## - DEWEY DECIMAL CLASSIFICATION NUMBER | |
| Classification number | 615.1LOT |
| 100 ## - MAIN ENTRY--PERSONAL NAME | |
| Personal name | LODHI,Devendra Singh |
| 245 ## - TITLE STATEMENT | |
| Title | Text book ofSocial Pharmacy |
| 250 ## - EDITION STATEMENT | |
| Edition statement | ED |
| 260 ## - PUBLICATION, DISTRIBUTION, ETC. (IMPRINT) | |
| Place of publication, distribution, etc | New Delhi |
| Name of publisher, distributor, etc | S.Vikas |
| Date of publication, distribution, etc | 2022 |
| 300 ## - PHYSICAL DESCRIPTION | |
| Extent | 174 |
| 650 ## - SUBJECT ADDED ENTRY--TOPICAL TERM | |
| Topical term or geographic name as entry element | Social Pharmacy |
| 700 ## - ADDED ENTRY--PERSONAL NAME | |
| Personal name | GOLANI,Pradeep |
| 700 ## - ADDED ENTRY--PERSONAL NAME | |
| Personal name | RAGEEB,MB |
| 700 ## - ADDED ENTRY--PERSONAL NAME | |
| Personal name | VERMA,Megha |
| 942 ## - ADDED ENTRY ELEMENTS (KOHA) | |
| Source of classification or shelving scheme | Dewey Decimal Classification |
| Koha item type | Text Books |
| Withdrawn status | Lost status | Source of classification or shelving scheme | Damaged status | Not for loan | Collection code | Home library | Current library | Date acquired | Source of acquisition | Currency | Cost, normal purchase price | Bill Number | Total Checkouts | Full call number | Acc. no. / Barcode | Date last seen | Actual Cost, discounted price | Bill Date | Koha item type | Date last borrowed |
|---|---|---|---|---|---|---|---|---|---|---|---|---|---|---|---|---|---|---|---|---|
| Dewey Decimal Classification | Diploma in Pharmacy | PIET C-LIBRARY | PIET C-LIBRARY | 01/11/2022 | Kirti Praskshan | IN Rupees | 235.00 | IN1359 | 615.1LOT | DP1098 | 15/11/2022 | 183.30 | 01/11/2022 | Text Books | ||||||
| Dewey Decimal Classification | Diploma in Pharmacy | PIET C-LIBRARY | PIET C-LIBRARY | 01/11/2022 | Kirti Praskshan | IN Rupees | 235.00 | IN1359 | 2 | 615.1LOT | DP1099 | 01/04/2025 | 183.30 | 01/11/2022 | Text Books | 21/03/2025 | ||||
| Dewey Decimal Classification | Diploma in Pharmacy | PIET C-LIBRARY | PIET C-LIBRARY | 01/11/2022 | Kirti Praskshan | IN Rupees | 235.00 | IN1359 | 3 | 615.1LOT | DP1100 | 14/10/2025 | 183.30 | 01/11/2022 | Text Books | 01/10/2025 | ||||
| Dewey Decimal Classification | Diploma in Pharmacy | PIET C-LIBRARY | PIET C-LIBRARY | 01/11/2022 | Kirti Praskshan | IN Rupees | 235.00 | IN1359 | 615.1LOT | DP1101 | 15/11/2022 | 183.30 | 01/11/2022 | Text Books | ||||||
| Dewey Decimal Classification | Diploma in Pharmacy | PIET C-LIBRARY | PIET C-LIBRARY | 01/11/2022 | Kirti Praskshan | IN Rupees | 235.00 | IN1359 | 1 | 615.1LOT | DP1102 | 26/07/2023 | 183.30 | 01/11/2022 | Text Books | 28/06/2023 | ||||
| Dewey Decimal Classification | Diploma in Pharmacy | PIET C-LIBRARY | PIET C-LIBRARY | 01/11/2022 | Kirti Praskshan | IN Rupees | 235.00 | IN1359 | 4 | 615.1LOT | DP1103 | 25/03/2025 | 183.30 | 01/11/2022 | Text Books | 21/03/2025 | ||||
| Dewey Decimal Classification | Diploma in Pharmacy | PIET C-LIBRARY | PIET C-LIBRARY | 01/11/2022 | Kirti Praskshan | IN Rupees | 235.00 | IN1359 | 3 | 615.1LOT | DP1104 | 21/06/2023 | 183.30 | 01/11/2022 | Text Books | 09/06/2023 | ||||
| Dewey Decimal Classification | Diploma in Pharmacy | PIET C-LIBRARY | PIET C-LIBRARY | 01/11/2022 | Kirti Praskshan | IN Rupees | 235.00 | IN1359 | 4 | 615.1LOT | DP1105 | 23/06/2025 | 183.30 | 01/11/2022 | Text Books | 18/06/2025 | ||||
| Dewey Decimal Classification | Diploma in Pharmacy | PIET C-LIBRARY | PIET C-LIBRARY | 01/11/2022 | Kirti Praskshan | IN Rupees | 235.00 | IN1359 | 3 | 615.1LOT | DP1106 | 07/01/2025 | 183.30 | 01/11/2022 | Text Books | 19/12/2024 | ||||
| Dewey Decimal Classification | Diploma in Pharmacy | PIET C-LIBRARY | PIET C-LIBRARY | 01/11/2022 | Kirti Praskshan | IN Rupees | 235.00 | IN1359 | 615.1LOT | DP1107 | 15/11/2022 | 183.30 | 01/11/2022 | Text Books |